[Event "24th ch-EUR Indiv 2024"]
[Site "Petrovac MNE"]
[Date "2024.11.13"]
[Round "6.77"]
[White "Lauda, Alexandr"]
[Black "Gharibyan, Mamikon"]
[Result "1/2-1/2"]
[WhiteTitle "CM"]
[BlackTitle "GM"]
[WhiteElo "2222"]
[BlackElo "2462"]
[WhiteFideId "13903179"]
[BlackFideId "13308300"]
[EventDate "2024.11.08"]

1. e4 e6 2. d4 d5 3. Nd2 h6 4. Ngf3 Nf6 5. e5 Nfd7 6. Bd3 c5 7. c3 Nc6 8. O-O
Be7 9. Kh1 g5 10. dxc5 Nxc5 11. Bb5 Qb6 12. Nd4 a6 13. Nxc6 bxc6 14. Be2 a5 15.
b3 Ba6 16. c4 Rd8 17. Rb1 dxc4 18. bxc4 Qxb1 19. Nxb1 Rxd1 20. Rxd1 O-O 21. Be3
Rb8 22. Nc3 Rb2 23. Bf1 Rc2 24. Bd4 a4 25. g4 a3 26. Kg2 Nd7 27. Bd3 Rb2 28. Ne4
Rxa2 29. Nf6+ Nxf6 30. exf6 Bb4 31. Be3 Rb2 32. Be4 Ba5 33. Rd3 Bxc4 34. Rxa3
Ra2 35. Rxa2 Bxa2 36. Bxc6 Bc3 37. f3 Bxf6 38. Be4 Kg7 39. Bd3 Bd5 40. h3 Be5
41. Bb6 h5 42. Be4 Bc4 43. Bd8 Bf4 44. Be7 h4 45. Kf2 Bb5 46. Bc2 f6 47. Bb3 Kf7
48. Bd8 Bg3+ 49. Kg2 Be5 50. Ba5 Ke7 51. Bb4+ Kd7 52. Ba2 Bc6 53. Bc4 Bf4 54.
Bc3 Be5 55. Bb4 Bd4 56. Ba5 Bd5 57. Bxd5 exd5 58. Kf1 Kc6 59. Ke2 Kb5 60. Kd3
Be5 61. Bd2 Ka4 62. Be1 Kb3 63. Bd2 Kb2 64. Be1 Kc1 65. Bd2+ Kd1 66. Bb4 Bg3 67.
Bc3 Be5 68. Bb4 Bb2 69. Bd2 Be5 70. Bb4 Bg3 71. Bc3 Be1 72. Bxf6 Bd2 73. Kd4 Ke2
74. Kxd5 Kxf3 75. Kd4 Kg2 76. Ke4 Kxh3 77. Kf3 Bf4 78. Bd4 Kh2 79. Bf2 Bd2 80.
Bd4 Kh1 81. Bc5 Bf4 82. Bd4 Bc1 83. Bc5 Bd2 84. Bd4 Kh2 85. Bc5 Kh1 86. Bd4 Kh2
87. Bc5 h3 88. Bd4 Bc1 89. Bc5 Bf4 90. Bd4 Kh1 91. Bc5 Kh2 92. Bd4 Kh1 93. Bc5
Bc7 94. Be3 Kh2 95. Bd4 Bg3 96. Bc5 Be5 97. Bb6 Kh1 98. Bc5 Bh2 99. Be3 Bd6 100.
Bd4 Bc7 101. Bc5 Be5 102. Bb6 Bb8 103. Bd4 Bf4 104. Bc5 Kh2 105. Bd4 Bg3 106.
Be3 Bh4 107. Bd4 Kh1 108. Bc5 Be1 109. Bd4 Kh2 110. Be3 Bh4 111. Bf2 Bxf2 112.
Kxf2 Kh1 113. Kf1 h2 114. Kf2 1/2-1/2

[Event "24th ch-EUR Indiv 2024"]
[Site "Petrovac MNE"]
[Date "2024.11.13"]
[Round "6.78"]
[White "Wadsworth, Matthew J"]
[Black "Hulka, Valentyn"]
[Result "1/2-1/2"]
[WhiteTitle "IM"]
[BlackTitle "FM"]
[WhiteElo "2461"]
[BlackElo "2259"]
[WhiteFideId "415804"]
[BlackFideId "34107061"]
[EventDate "2024.11.08"]

1. d4 d5 2. c4 e6 3. Nf3 Nf6 4. g3 Bb4+ 5. Nbd2 dxc4 6. Bg2 b5 7. a4 c6 8. O-O
a5 9. Qc2 O-O 10. Rd1 Bb7 11. e4 Nbd7 12. e5 Nd5 13. Ne4 f5 14. exf6 gxf6 15.
Nc3 Bxc3 16. bxc3 N7b6 17. Re1 Qd6 18. Bh6 Rf7 19. Nd2 f5 20. Nf3 Nxa4 21. Ne5
Naxc3 22. Nxf7 Kxf7 23. Qd2 Qd8 24. Bf3 Bc8 25. Re5 Qf6 26. Bh5+ Kg8 27. Bg5 Qg7
28. Bh6 Qf6 29. Bg5 Qg7 30. Bh6 1/2-1/2

[Event "24th ch-EUR Indiv 2024"]
[Site "Petrovac MNE"]
[Date "2024.11.13"]
[Round "6.79"]
[White "Camlar, Arda"]
[Black "Gevorgyan, David Sh."]
[Result "1/2-1/2"]
[WhiteTitle "FM"]
[BlackTitle "IM"]
[WhiteElo "2445"]
[BlackElo "2247"]
[WhiteFideId "44576692"]
[BlackFideId "13303244"]
[EventDate "2024.11.08"]

1. e4 e5 2. Nc3 Nc6 3. g3 Bc5 4. Bg2 a5 5. Nge2 d6 6. h3 Nge7 7. O-O O-O 8. Kh2
f5 9. d3 Ba7 10. f4 Kh8 11. Nd5 Nxd5 12. exd5 Ne7 13. b3 Ng6 14. Bb2 exf4 15.
gxf4 Bd7 16. Ng3 Qh4 17. Qh5 Rae8 18. Qxh4 Nxh4 19. Rae1 Rxe1 20. Rxe1 Re8 21.
Rxe8+ Bxe8 22. d4 Nxg2 23. Kxg2 g6 24. c4 a4 25. Nf1 axb3 26. axb3 Kg8 27. Bc3
b5 28. Kf3 bxc4 29. bxc4 Kf7 30. Ke2 h6 31. h4 Kf6 32. Kd3 g5 33. hxg5+ hxg5 34.
Bd2 gxf4 35. Bxf4 Bb6 36. Nd2 Ba5 37. Nf3 Bf7 38. Bg5+ Kg6 39. Bd8 Kh5 40. Ng5
Bg6 41. Ke3 f4+ 42. Kf3 Bd3 43. c5 Bc4 44. Ne4 dxc5 45. d6 cxd6 46. Bxa5 Bd5 1/2-1/2

[Event "24th ch-EUR Indiv 2024"]
[Site "Petrovac MNE"]
[Date "2024.11.13"]
[Round "6.80"]
[White "Djokic, Mihailo"]
[Black "Kilic, Eray"]
[Result "0-1"]
[WhiteTitle "FM"]
[BlackTitle "IM"]
[WhiteElo "2204"]
[BlackElo "2442"]
[WhiteFideId "976440"]
[BlackFideId "44517173"]
[EventDate "2024.11.08"]

1. e4 c5 2. c3 Nf6 3. e5 Nd5 4. Nf3 Nc6 5. d4 cxd4 6. Bc4 Nb6 7. Bb3 d6 8. exd6
Qxd6 9. O-O e6 10. cxd4 Be7 11. Nc3 O-O 12. Re1 Nd5 13. Bc2 Rd8 14. a3 Nf6 15.
Be3 b6 16. Qd3 Bb7 17. Rad1 Rac8 18. Bg5 g6 19. b4 Nd5 20. Ne4 Qc7 21. Bb3 Bxg5
22. Nexg5 Qe7 23. h4 Qf6 24. g3 h6 25. Ne4 Qf5 26. Qe2 Kg7 27. Rd2 Nce7 28. Bc2
Nf6 29. Nxf6 Rxc2 30. Ne4 Bxe4 31. Qxe4 Rc3 32. Qb7 Nc6 33. Ne5 Nxd4 34. Qxa7
Nc6 35. Rxd8 Nxa7 36. Rd7 Rxa3 37. Nc4 Ra2 38. Rf1 Nb5 0-1

[Event "24th ch-EUR Indiv 2024"]
[Site "Petrovac MNE"]
[Date "2024.11.13"]
[Round "6.81"]
[White "Gretarsson, Helgi Ass"]
[Black "Srdanovic, Jovana"]
[Result "1/2-1/2"]
[WhiteTitle "GM"]
[BlackTitle "WIM"]
[WhiteElo "2441"]
[BlackElo "2200"]
[WhiteFideId "2300699"]
[BlackFideId "954810"]
[EventDate "2024.11.08"]

1. c4 c6 2. Nf3 d5 3. e3 Nf6 4. Nc3 a6 5. b3 e6 6. Bb2 Nbd7 7. d4 Bd6 8. Qc2 O-O
9. Be2 e5 10. cxd5 e4 11. Nxe4 Nxe4 12. Qxe4 Qa5+ 13. Kf1 cxd5 14. Qc2 Nf6 15.
Ne5 Be6 16. f3 Rac8 17. Qd1 Bf5 18. g4 Bc2 19. Qe1 Bb4 20. Qf2 Rc7 21. Kg2 Rfc8
22. a3 Bc3 23. Bxc3 Rxc3 24. Rhc1 Qc7 25. Bc4 dxc4 26. bxc4 Nxg4 27. fxg4 Be4+
28. Kg1 Rxc1+ 29. Rxc1 f6 30. Qf4 Bd5 31. Nd3 Qxf4 32. Nxf4 Rxc4 33. Rb1 Be4 34.
Rb6 Rc6 35. Rb4 Rc1+ 36. Kf2 Rc2+ 37. Ke1 a5 38. Ra4 g5 39. d5 Bf3 40. Nh5 Re2+
41. Kf1 Rd2 42. Ke1 Re2+ 1/2-1/2

[Event "24th ch-EUR Indiv 2024"]
[Site "Petrovac MNE"]
[Date "2024.11.13"]
[Round "6.82"]
[White "Goroshchenko, Dmitry"]
[Black "Saraci, Nderim"]
[Result "1/2-1/2"]
[BlackTitle "IM"]
[WhiteElo "2141"]
[BlackElo "2439"]
[WhiteFideId "14115336"]
[BlackFideId "6351921"]
[EventDate "2024.11.08"]

1. e4 d5 2. exd5 Qxd5 3. Nc3 Qd6 4. d4 Nf6 5. Nf3 c6 6. g3 Bf5 7. Bf4 Qb4 8. Bd2
Qb6 9. h3 Nbd7 10. b4 e6 11. a3 h6 12. Bf4 Be7 13. Na4 Qd8 14. Bd3 Bxd3 15. Qxd3
O-O 16. O-O b5 17. Nb2 a5 18. Bd2 axb4 19. Bxb4 Bxb4 20. axb4 Nd5 21. Qd2 Qf6
22. Kg2 e5 23. Rxa8 Rxa8 24. Re1 exd4 25. Nxd4 Ne5 26. c3 Ra2 27. Qc2 g6 28. Qb3
Ra8 29. f4 Nd7 30. Nd3 g5 31. Ne5 Nxe5 32. fxe5 Qg6 33. e6 fxe6 34. Rxe6 Qd3 35.
Qb2 Ne3+ 36. Kh2 Rf8 37. Qa2 Kh7 38. Qa7+ Kg8 39. Qa2 Kh7 40. Qa7+ Kg8 41. Qa2
Nf1+ 42. Kg1 Qxg3+ 43. Qg2 Qxc3 44. Nxc6 Qa1 45. Ne7+ Kg7 46. Rg6+ Kh7 47. Rxh6+
Kxh6 48. Qc6+ Rf6 49. Qxf6+ Qxf6 50. Ng8+ Kg6 51. Nxf6 1/2-1/2

[Event "24th ch-EUR Indiv 2024"]
[Site "Petrovac MNE"]
[Date "2024.11.13"]
[Round "6.83"]
[White "Patrelakis, Evaggelos"]
[Black "Allahverdiyeva, Ayan"]
[Result "1-0"]
[WhiteTitle "IM"]
[BlackTitle "WIM"]
[WhiteElo "2437"]
[BlackElo "2174"]
[WhiteFideId "4295102"]
[BlackFideId "13412590"]
[EventDate "2024.11.08"]

1. e4 c5 2. Nf3 d6 3. d4 cxd4 4. Nxd4 Nf6 5. Nc3 a6 6. h3 e6 7. g4 Be7 8. g5
Nfd7 9. Bg2 Nc6 10. h4 O-O 11. Be3 Nde5 12. Qe2 b5 13. Nxc6 Nxc6 14. f4 Rb8 15.
Qd2 Bb7 16. O-O-O Na5 17. b3 d5 18. exd5 Bb4 19. Qd4 Ba3+ 20. Kb1 Nc4 21. bxc4
bxc4 22. Ka1 1-0

[Event "24th ch-EUR Indiv 2024"]
[Site "Petrovac MNE"]
[Date "2024.11.13"]
[Round "6.84"]
[White "Ivanchuk, Vasyl"]
[Black "Odabasi, Ruzgar"]
[Result "1-0"]
[WhiteTitle "GM"]
[WhiteElo "2640"]
[BlackElo "2114"]
[WhiteFideId "14100010"]
[BlackFideId "51604787"]
[EventDate "2024.11.08"]

1. e4 c5 2. Nf3 Nc6 3. Nc3 g6 4. d4 cxd4 5. Nxd4 Bg7 6. Be3 Nf6 7. Bc4 O-O 8.
Bb3 a5 9. O-O a4 10. Nxa4 Nxe4 11. Nb5 d5 12. Bb6 Qd7 13. Qe2 e6 14. c4 dxc4 15.
Rfd1 Nd4 16. Nxd4 cxb3 17. axb3 Qd5 18. Nc2 Qf5 19. Ne3 Qg5 20. Rac1 h5 21. h3
Nf6 22. Bc5 Re8 23. Nb6 Ra6 24. Qb5 Kh7 25. b4 Rg8 26. Rc4 Nd5 27. h4 Qf6 28.
Nxc8 Rxc8 29. Qxb7 Rac6 30. Nxd5 exd5 31. Rcd4 R8c7 32. Qb8 Rd7 33. Qb5 Qe6 34.
R4d2 d4 35. g3 Rd5 36. Re2 Qg4 37. Rde1 Rf6 38. Re4 Qf3 39. Qe2 d3 40. Qxf3 Rxf3
41. Kg2 Rff5 42. b3 d2 43. Rd1 Rd3 44. Re3 Rfd5 45. Kf3 Bh6 46. Rxd3 Rxd3+ 47.
Ke4 Rxb3 48. Kd4 Rb2 49. Kc3 Bg7+ 50. Kc4 Bh6 51. Be3 Bxe3 52. fxe3 Rc2+ 53. Kd3
Rb2 54. Kc3 Ra2 55. Kb3 Ra7 56. Rxd2 Ra1 57. b5 Rf1 58. Kc4 Rc1+ 59. Kd5 Rb1 60.
Kc4 Rc1+ 61. Kb3 g5 62. Rb2 gxh4 63. gxh4 Re1 64. b6 Rxe3+ 65. Kc4 Re8 66. b7
Rb8 67. Kd5 Kg6 68. Rg2+ Kf5 69. Rg5+ Kf6 70. Kc6 Re8 71. Rxh5 Re6+ 72. Kc7 Re7+
73. Kb6 Re6+ 74. Ka7 Re7 75. Rg5 Ke6 76. Rg1 Kf5 77. h5 f6 78. h6 Rh7 79. Rg7 1-0

[Event "24th ch-EUR Indiv 2024"]
[Site "Petrovac MNE"]
[Date "2024.11.13"]
[Round "6.85"]
[White "Predke, Alexandr"]
[Black "Kanyamarala, Tarun"]
[Result "1-0"]
[WhiteTitle "GM"]
[BlackTitle "IM"]
[WhiteElo "2652"]
[BlackElo "2371"]
[WhiteFideId "24107581"]
[BlackFideId "45004714"]
[EventDate "2024.11.08"]

1. d4 Nf6 2. c4 e6 3. Nf3 d5 4. Nc3 c5 5. cxd5 Nxd5 6. e4 Nxc3 7. bxc3 cxd4 8.
cxd4 Bb4+ 9. Bd2 Bxd2+ 10. Qxd2 O-O 11. Rd1 Bd7 12. Rb1 Bc6 13. Bd3 Nd7 14. O-O
Nf6 15. Rfe1 b6 16. Rb3 Rc8 17. Bb1 Rc7 18. Qf4 Bb7 19. h3 Rd7 20. Rc3 h6 21.
Qe3 Rc7 22. Ra3 Ba8 23. Rb3 Qc8 24. Kh2 Qb8 25. Kh1 Rfc8 26. Ne5 Re7 27. Qd2 Rd8
28. Rg3 Nh5 29. Rd3 Nf6 30. f3 Bb7 31. Qf2 Rc7 32. Qh4 Qc8 33. Rdd1 Rc3 34. Ng4
Nxg4 35. hxg4 Rc4 36. d5 exd5 37. e5 Re8 38. Bd3 Rb4 39. Rc1 Qb8 40. e6 fxe6 41.
Qh5 Re7 42. Qg6 Qf4 43. Qh7+ Kf7 44. Qh8 Rc4 45. Bxc4 dxc4 46. Qh7 Bd5 47. Qc2
Kg8 48. Qc3 Rf7 49. Kg1 Qg3 50. Re3 Qc7 51. Kf2 Qc5 52. Rh1 b5 53. a3 Qb6 54.
Qc2 Qd4 55. Rb1 a6 56. Ke2 Qf4 57. Rd1 Qg3 58. Kf1 Qh4 59. Rd4 Qh1+ 60. Kf2 Qa1
61. Qd2 Rd7 62. Kg3 Qb1 63. Re1 Qg6 64. Re5 Qf6 65. Qe3 Rc7 66. Rf4 Qe7 67. Qc3
g5 68. Rd4 Qd6 69. f4 Rf7 70. Qe3 gxf4+ 71. Rxf4 Rg7 72. Kh3 Qc6 73. Qf2 Qd6 74.
Qe3 Qc6 75. Rh5 Bxg2+ 76. Kg3 Rd7 77. Qe5 Bh1 78. Qb8+ Kh7 79. Rxh6+ Kxh6 80.
Qh8+ 1-0

[Event "24th ch-EUR Indiv 2024"]
[Site "Petrovac MNE"]
[Date "2024.11.13"]
[Round "6.86"]
[White "Tomczak, Jacek"]
[Black "Damjanovic, Vuk"]
[Result "1-0"]
[WhiteTitle "GM"]
[BlackTitle "IM"]
[WhiteElo "2593"]
[BlackElo "2364"]
[WhiteFideId "1124668"]
[BlackFideId "980021"]
[EventDate "2024.11.08"]

1. e4 e5 2. Nf3 Nf6 3. Nxe5 d6 4. Nf3 Nxe4 5. c4 Be7 6. d4 Nc6 7. Be2 O-O 8. O-O
Re8 9. Nc3 Nxc3 10. bxc3 Bf5 11. Be3 Bf6 12. Re1 h6 13. Nd2 Bg5 14. Bf3 Bxe3 15.
fxe3 Qg5 16. e4 Bg6 17. Rb1 b6 18. e5 Bxb1 19. Bxc6 Bf5 20. Nf3 Bg4 21. Nxg5
Bxd1 22. Ne4 Bc2 23. exd6 Rf8 24. Bxa8 Rxa8 25. dxc7 Rc8 26. Nd6 Rxc7 27. Re8+
Kh7 28. Rc8 Rd7 29. c5 bxc5 30. dxc5 Kg6 31. Kf2 Kf6 32. Ke3 Ke5 33. c4 Ba4 34.
Nb5 a6 35. Nc3 Bc2 36. Re8+ Kf5 37. Nd5 Ba4 38. c6 Rd6 39. c7 1-0

[Event "24th ch-EUR Indiv 2024"]
[Site "Petrovac MNE"]
[Date "2024.11.13"]
[Round "6.87"]
[White "Golubka, Petro"]
[Black "Kadric, Denis"]
[Result "0-1"]
[WhiteTitle "GM"]
[BlackTitle "GM"]
[WhiteElo "2365"]
[BlackElo "2562"]
[WhiteFideId "14114224"]
[BlackFideId "14403803"]
[EventDate "2024.11.08"]

1. d4 d6 2. e4 Nf6 3. Nc3 e5 4. Nge2 c6 5. a4 Be7 6. h3 h5 7. g3 Nbd7 8. Bg2 b6
9. O-O O-O 10. Be3 a6 11. d5 Bb7 12. dxc6 Bxc6 13. Nd5 Bxd5 14. exd5 b5 15. f4
Qc7 16. fxe5 Nxe5 17. Nd4 Nc4 18. Bc1 Qc5 19. Kh2 Rfe8 20. b3 Ne5 21. Bb2 b4 22.
Rc1 Rac8 23. c4 bxc3 24. Rxc3 Qxc3 25. Bxc3 Rxc3 26. Qe2 a5 27. Qb5 Rc5 28. Qb7
Bf8 29. Rd1 g6 30. Rf1 Ned7 31. Rf2 Bh6 32. Re2 Be3 33. Nf3 h4 34. Bf1 hxg3+ 35.
Kxg3 Nh5+ 36. Kh2 Ndf6 37. b4 Rc1 38. Qb5 Nf4 39. Re1 Rc2+ 40. Kh1 Rf2 41. Nh2
Re5 42. bxa5 N6h5 43. Rxe3 Rxe3 44. Qb6 Ree2 45. Kg1 Rxh2 46. Bxe2 Rg2+ 47. Kf1
Ng3+ 48. Ke1 Rxe2+ 49. Kd1 Ne4 50. Qd4 Rd2+ 51. Qxd2 Nxd2 52. Kxd2 Nxd5 53. a6
Nc7 0-1

[Event "24th ch-EUR Indiv 2024"]
[Site "Petrovac MNE"]
[Date "2024.11.13"]
[Round "6.88"]
[White "Subelj, Jan"]
[Black "Kochavi, Ori"]
[Result "1/2-1/2"]
[WhiteTitle "GM"]
[BlackTitle "IM"]
[WhiteElo "2535"]
[BlackElo "2363"]
[WhiteFideId "14618583"]
[BlackFideId "2816873"]
[EventDate "2024.11.08"]

1. e4 e5 2. Nf3 Nc6 3. Bb5 a6 4. Ba4 Nf6 5. O-O Be7 6. Bxc6 dxc6 7. d3 Bd6 8.
Nbd2 Be6 9. d4 Nd7 10. dxe5 Nxe5 11. Nxe5 Bxe5 12. f4 Bd4+ 13. Kh1 f5 14. Qh5+
g6 15. Qe2 O-O 16. Nf3 Bf6 17. e5 Be7 18. Be3 c5 19. c4 Qe8 20. b3 Qc6 21. Rad1
Rfd8 22. Kg1 b6 23. Nd2 b5 24. Rc1 b4 25. Rfd1 a5 26. Nf3 h6 27. Rxd8+ Rxd8 28.
Rd1 Rxd1+ 29. Qxd1 a4 30. Ne1 Qe4 31. Qd3 a3 32. Qd2 Qb1 33. Kf2 Bh4+ 34. g3 Be7
35. Qc2 Qa1 36. Ke2 Kf7 37. Qd2 Qb1 38. Qc2 1/2-1/2

[Event "24th ch-EUR Indiv 2024"]
[Site "Petrovac MNE"]
[Date "2024.11.13"]
[Round "6.89"]
[White "Maltsevskaya, Aleksandra"]
[Black "Kramer, Julian"]
[Result "1/2-1/2"]
[WhiteTitle "IM"]
[BlackTitle "IM"]
[WhiteElo "2364"]
[BlackElo "2503"]
[WhiteFideId "24174041"]
[BlackFideId "12921742"]
[EventDate "2024.11.08"]

1. e4 c5 2. Nf3 d6 3. Bb5+ Bd7 4. Bxd7+ Nxd7 5. O-O Ngf6 6. Qe2 e6 7. c3 Be7 8.
d4 O-O 9. e5 Ne8 10. exd6 Nxd6 11. Rd1 cxd4 12. Nxd4 Nf6 13. Bf4 Qb6 14. Na3
Rad8 15. Bxd6 Qxd6 16. Nf5 Qc5 17. Nxe7+ Qxe7 18. Nb5 a6 19. Nd4 e5 20. Nf5 Qe6
21. Qf3 b5 22. h3 g6 23. Ne3 e4 24. Qf4 Nd5 25. Nxd5 Rxd5 26. Rxd5 Qxd5 27. a4
bxa4 28. Kh2 Qc6 29. Qd2 Rb8 30. Qc2 Rb3 31. Rd1 Rb4 32. Kg1 Kg7 33. Rd8 Rc4 34.
Qd2 a3 35. bxa3 Rxc3 36. Qd4+ Kh6 37. Rd6 Qc7 38. Qf6 Rc1+ 39. Kh2 Rc6 40. Qf4+
Kg7 41. Qe5+ Kf8 42. Qh8+ 1/2-1/2

[Event "24th ch-EUR Indiv 2024"]
[Site "Petrovac MNE"]
[Date "2024.11.13"]
[Round "6.90"]
[White "Sivuk, Vitaly"]
[Black "Pastar, Slaven"]
[Result "1-0"]
[WhiteTitle "GM"]
[BlackTitle "IM"]
[WhiteElo "2502"]
[BlackElo "2361"]
[WhiteFideId "14116502"]
[BlackFideId "14402718"]
[EventDate "2024.11.08"]

1. d4 Nf6 2. c4 e6 3. Nc3 Bb4 4. a3 Bxc3+ 5. bxc3 O-O 6. e3 Nc6 7. Bd3 d6 8. Ne2
Na5 9. O-O Nd7 10. Ng3 Nb6 11. Qe2 c5 12. Rb1 Bd7 13. e4 cxd4 14. cxd4 e5 15. f4
Nc6 16. d5 Nd4 17. Qh5 f6 18. Be3 g6 19. Qh6 Qe7 20. fxe5 dxe5 21. Bd2 Qxa3 22.
Qe3 Rac8 23. Rfc1 Qc5 24. Ne2 a5 25. Nxd4 exd4 26. Qe1 Ra8 27. Bh6 Rfe8 28. Qf2
Rf8 29. Bxf8 Rxf8 30. Bf1 a4 31. Rd1 Nxc4 32. Bxc4 Qxc4 33. Rxb7 Bc8 34. Ra7 d3
35. Qe3 Ba6 36. Rc1 Qb5 37. Rcc7 Qb1+ 38. Kf2 Qb2+ 39. Kf3 f5 40. e5 Rc8 41.
Rg7+ Kf8 42. Rxh7 1-0

[Event "24th ch-EUR Indiv 2024"]
[Site "Petrovac MNE"]
[Date "2024.11.13"]
[Round "6.91"]
[White "Gokerkan, Cem Kaan"]
[Black "Filip, Lucian-Ioan"]
[Result "1-0"]
[WhiteTitle "GM"]
[BlackTitle "IM"]
[WhiteElo "2490"]
[BlackElo "2341"]
[WhiteFideId "6336760"]
[BlackFideId "1208900"]
[EventDate "2024.11.08"]

1. e4 e6 2. d4 d5 3. Nc3 Nf6 4. e5 Nfd7 5. f4 c5 6. Nf3 Nc6 7. Be3 Rb8 8. a3
cxd4 9. Nxd4 Bc5 10. Qd2 Nxd4 11. Bxd4 Bxd4 12. Qxd4 Qb6 13. Qd2 Qxb2 14. Rb1
Qxa3 15. Nb5 Qc5 16. Nd6+ Kf8 17. c4 Nb6 18. Rb5 Qc7 19. cxd5 Nxd5 20. Bc4 a6
21. Rb1 Qc5 22. Bxd5 Qxd5 23. Qb4 Kg8 24. O-O b5 25. Rbc1 Bd7 26. Rfd1 Qa8 27.
Rc7 Be8 28. f5 a5 29. Qc5 h5 30. Qf2 Rh7 31. Rdc1 Qd5 32. Rc8 Rxc8 33. Rxc8 Rh8
34. fxe6 Qd1+ 35. Qf1 Qxf1+ 36. Kxf1 fxe6 37. Rxe8+ Kh7 38. Rxh8+ Kxh8 39. Nxb5
Kh7 40. Ke2 Kg6 41. Nd4 a4 42. Kd3 a3 43. Kc3 h4 1-0

[Event "24th ch-EUR Indiv 2024"]
[Site "Petrovac MNE"]
[Date "2024.11.13"]
[Round "6.92"]
[White "Feuerstack, Aljoscha"]
[Black "Vujosevic, Vladimir"]
[Result "1-0"]
[WhiteTitle "IM"]
[BlackTitle "IM"]
[WhiteElo "2471"]
[BlackElo "2285"]
[WhiteFideId "4681932"]
[BlackFideId "901580"]
[EventDate "2024.11.08"]

1. e4 e5 2. Nf3 Nc6 3. d4 exd4 4. Nxd4 Bc5 5. Nb3 Bb6 6. Nc3 d6 7. Qe2 Nf6 8.
Be3 O-O 9. O-O-O Re8 10. f3 Bxe3+ 11. Qxe3 a5 12. a3 Be6 13. g4 Nd7 14. Bb5 Nce5
15. Nd4 Bc4 16. Bxd7 Qxd7 17. Rhg1 b5 18. f4 Nc6 19. Ncxb5 Bxb5 20. Nxb5 a4 21.
Nc3 Reb8 22. Rd5 Ne7 23. Rh5 Qc6 24. Rg3 Qa6 25. Rgh3 Qf1+ 26. Nd1 Rxb2 27. Rxh7
Kf8 28. Qd4 1-0

[Event "24th ch-EUR Indiv 2024"]
[Site "Petrovac MNE"]
[Date "2024.11.13"]
[Round "6.93"]
[White "Yordanov, Lachezar"]
[Black "Kjartansson, Gudmundur"]
[Result "1/2-1/2"]
[WhiteTitle "FM"]
[BlackTitle "GM"]
[WhiteElo "2332"]
[BlackElo "2470"]
[WhiteFideId "2918927"]
[BlackFideId "2301318"]
[EventDate "2024.11.08"]

1. e4 e6 2. d4 d5 3. Nc3 Nf6 4. Bg5 dxe4 5. Nxe4 Be7 6. Nxf6+ Bxf6 7. Bxf6 Qxf6
8. Nf3 O-O 9. Qd3 c5 10. O-O-O Rd8 11. Qe4 cxd4 12. Rxd4 Rxd4 13. Qxd4 Qxd4 14.
Nxd4 Bd7 15. Bb5 Kf8 16. Rd1 Ke7 17. a4 a6 18. Bxd7 Nxd7 19. b3 g6 20. Kb2 e5
21. Ne2 f5 22. a5 Nf6 23. Nc3 Rd8 24. Rxd8 Kxd8 25. h3 h5 26. h4 Ng4 27. Nd1 f4
28. Kc3 Nh6 29. Kd3 Nf5 30. Ke4 Nxh4 31. g3 fxg3 32. fxg3 Nf5 33. Kxe5 Nxg3 34.
Kf6 h4 35. Nf2 Nf5 36. Kxg6 Nd4 37. Kg5 Nxc2 38. Kxh4 Nd4 39. b4 Kd7 40. Nd3 Nb3
41. Kg4 Kc6 42. Kf4 Kd5 43. Ke3 Kc4 44. Ke4 Nd2+ 45. Ke3 Nf1+ 46. Ke4 Ng3+ 47.
Ke3 Nf5+ 48. Ke4 Nd6+ 49. Ke3 Kc3 50. Ke2 Kc4 51. Ke3 Nf7 52. Nc5 Nd8 53. Nd3
Ne6 54. Ke4 Kc3 55. Ke3 Kb3 56. Kf3 Nd8 57. Kf4 Kc4 58. Ke3 Nf7 59. Nc5 Nd6 60.
Nd3 Kc3 61. Ke2 Kb3 62. Kd2 Nc4+ 63. Ke2 Kc3 64. Nc5 Nd6 65. Nd3 1/2-1/2

[Event "24th ch-EUR Indiv 2024"]
[Site "Petrovac MNE"]
[Date "2024.11.13"]
[Round "6.94"]
[White "Bodrogi, Bendeguz"]
[Black "Olsen, Filip Boe"]
[Result "1-0"]
[WhiteTitle "FM"]
[BlackTitle "IM"]
[WhiteElo "2358"]
[BlackElo "2470"]
[WhiteFideId "790303"]
[BlackFideId "1440640"]
[EventDate "2024.11.08"]

1. Nf3 d5 2. g3 Nf6 3. Bg2 e6 4. O-O Bd6 5. d4 O-O 6. c4 h6 7. Nc3 Nc6 8. b3
dxc4 9. bxc4 e5 10. e3 Re8 11. h3 Bf5 12. c5 Bf8 13. Bb2 exd4 14. exd4 Qd7 15.
g4 Bh7 16. Qb3 Rab8 17. Rad1 Na5 18. Qb4 Nc6 19. Qa3 Qc8 20. Qa4 a6 21. Ne5 Nxe5
22. dxe5 Rxe5 23. Nd5 Rg5 24. Bxf6 gxf6 25. Nxf6+ Kg7 26. Nd7 Kg8 27. Rfe1 c6
28. Qf4 Ra8 29. Nf6+ Kg7 30. Nxh7 Kxh7 31. Qxf7+ Rg7 32. Be4+ Kh8 33. Qf6 Kg8
34. Bf5 Qc7 35. Kh1 Re7 36. Be6+ Kh7 37. Bf5+ Kg8 38. Qg6+ Bg7 39. Rxe7 Qxe7 40.
Rd7 Qf6 41. Qh7+ Kf8 42. Rd6 Qc3 43. Be6 Ke7 44. Rd7+ 1-0

[Event "24th ch-EUR Indiv 2024"]
[Site "Petrovac MNE"]
[Date "2024.11.13"]
[Round "6.95"]
[White "Zanan, Evgeny"]
[Black "Filip, Andrei"]
[Result "1/2-1/2"]
[WhiteTitle "GM"]
[BlackTitle "FM"]
[WhiteElo "2463"]
[BlackElo "2283"]
[WhiteFideId "24101940"]
[BlackFideId "1249452"]
[EventDate "2024.11.08"]

1. e4 c5 2. Nf3 e6 3. d4 cxd4 4. Nxd4 a6 5. c4 Nf6 6. Nc3 Qc7 7. a3 Nc6 8. Be3
Bd6 9. Nxc6 dxc6 10. c5 Bf4 11. Qd2 Bxe3 12. Qxe3 e5 13. Bc4 Qe7 14. O-O O-O 15.
b4 Be6 16. Be2 Rad8 17. Rad1 Bb3 18. Rb1 Be6 19. Rfd1 Rxd1+ 20. Rxd1 Rd8 21. f3
Kf8 22. g3 Rxd1+ 23. Nxd1 Ne8 24. Qc3 f6 25. Ne3 Nc7 26. Kf2 Qd7 27. f4 exf4 28.
gxf4 Nb5 29. Bxb5 axb5 30. Nc2 Qd1 31. Nd4 Bc4 32. Qe3 Qh1 33. Nf3 Bf1 34. Qd2
Ke8 35. Kg3 h5 36. Qf2 Bd3 37. Qe3 Qd1 38. e5 f5 39. h3 Be4 40. Ng5 Bd5 41. Kh4
g6 42. Nh7 Bc4 43. e6 Qd8+ 44. Ng5 Qf6 45. Kg3 Bd5 46. Qe5 Qxe5 47. fxe5 Ke7 48.
h4 Bxe6 49. Nf3 Bd5 50. Nd4 Bc4 51. Kf4 Bd5 52. Kg5 Kf7 53. Ne2 Ke6 54. Kf4 Bc4
55. Nd4+ Ke7 56. Nf3 Bd5 57. Ng5 Bg8 58. Ke3 Bd5 59. Nh3 Kf7 60. Nf4 Ba2 61. Kd4
Bb3 62. Kc3 Ba2 63. Kd4 Bb3 64. Ke3 Bc4 65. Nh3 Ke6 66. Kf4 Bd5 67. Ng1 Bc4 68.
Nf3 Bd5 69. Nd4+ Ke7 70. Kg5 Kf7 71. Ne2 Ke6 72. Kf4 Bc4 73. Nd4+ Ke7 74. Kg5 1/2-1/2

[Event "24th ch-EUR Indiv 2024"]
[Site "Petrovac MNE"]
[Date "2024.11.13"]
[Round "6.96"]
[White "Willow, Jonah B"]
[Black "Yeritsyan, Hayk"]
[Result "1-0"]
[WhiteTitle "IM"]
[BlackTitle "FM"]
[WhiteElo "2454"]
[BlackElo "2276"]
[WhiteFideId "438804"]
[BlackFideId "13307320"]
[EventDate "2024.11.08"]

1. e4 c5 2. Nf3 Nc6 3. Bb5 g6 4. O-O Bg7 5. Re1 e5 6. Bxc6 dxc6 7. a4 Qe7 8. Na3
Nf6 9. d3 Nd7 10. Be3 Nf8 11. Nc4 Bg4 12. h3 Bxf3 13. Qxf3 Ne6 14. Qg3 Nd4 15.
Bxd4 cxd4 16. f4 exf4 17. Qxf4 O-O 18. a5 Rad8 19. Re2 Qc5 20. Qc7 Qb5 21. a6
Qh5 22. Rf2 b5 23. Na5 Be5 24. Qxa7 Bb8 25. Qe7 Rde8 26. Qf6 Re6 27. Qxe6 fxe6
28. Rxf8+ Kxf8 29. Nxc6 Qc5 30. Nxb8 Qa7 31. Nc6 Qa8 32. a7 Ke8 33. Ra6 Kd7 34.
Rb6 Qf8 35. Nb8+ 1-0